Historia de Donostia-San Sebastián (Record no. 168296)

MARC details
000 -LEADER
fixed length control field 00597nam a22001817a 4500
005 - DATE AND TIME OF LATEST TRANSACTION
control field 20230913105757.0
008 - FIXED-LENGTH DATA ELEMENTS--GENERAL INFORMATION
fixed length control field 230913b sp |||||||| |||| 00| 0 spa d
020 ## - INTERNATIONAL STANDARD BOOK NUMBER
International Standard Book Number 8489569495
050 04 - LIBRARY OF CONGRESS CALL NUMBER
Classification number DP402.S2
Item number H57 2000
245 ## - TITLE STATEMENT
Title Historia de Donostia-San Sebastián
Statement of responsibility, etc / editor Miguel Artola editor
Medium
250 ## - EDITION STATEMENT
Edition statement 1a ed.
260 ## - PUBLICATION, DISTRIBUTION, ETC. (IMPRINT)
Place of publication, distribution, etc España ;
Name of publisher, distributor, etc Nerea,
Date of publication, distribution, etc 2000
300 ## - PHYSICAL DESCRIPTION
Extent 566 p. :
Other physical details il. maps ;
Dimensions 25 cm.
500 ## - GENERAL NOTE
General note # 1174 Donacion: Juan Alvarez Cienfuegos 25/ FEB./2020*
650 #4 - SUBJECT ADDED ENTRY--TOPICAL TERM
Topical term or geographic name as entry element Historia de San Sebastián (España)
700 1# - ADDED ENTRY--PERSONAL NAME
Personal name Artola, Miguel
Relator term editor
942 ## - ADDED ENTRY ELEMENTS (KOHA)
Source of classification or shelving scheme Biblioteca del Cogreso de los Estados Unidos
Koha item type Libro
Holdings
Estado de pérdida Fuente de clasificación Estado del daño No para préstamo Ubicación permanente Ubicación actual Apartado o colección Fecha de adquisición Edición Área del conocimiento Total Checkouts Clasificación Código de Barras Date last seen Número de copia Costo por reposición Tipo de recurso
  Biblioteca del Cogreso de los Estados Unidos     Biblioteca de la Facultad de Filosofía Biblioteca de la Facultad de Filosofía General 13/09/2023 1a ed. Educación y Humanidades   DP402.S2 H57 2000 BFF000039628 13/09/2023 C.1 1.00 Libro